Devinettes de pays par mots-clés - Statistiques

Statistiques générales
  • Ce quiz a été pris 164 fois
  • Le résultat moyen est 9 sur 15
Statistiques - réponses
Mots-clés (Spécialité artisanale, plat traditionnel, personnage célèbre, paysage, monument) Pays % Correct
Poterie Navajo et l'industrie aérospatiale, Hot dog, George Washington et Elvis Presley, Crater Lake, Gateway Arch. Etats-Unis
94%
Azulejos et l'industrie du liège, Pastel de Nata et le Bacalhau, Vasco de Gama, Côtes de l'Algarve, Tour de Belèm. Portugal
86%
Horlogerie de la Fôret Noire et l'industrie automobile, Currywurst, Ludwig van Beethoven, l'Île de Rügen et la mer de Wadden, Porte de Brandebourg. Allemagne
85%
Matriochkas et l'industrie du gaz naturel, Blini et le Bortsch, Dmitri Mendeleïev, Montagnes de l'Altaï, Palais d'Hiver. Russie
76%
Perlage de Xhosa et Ndebele et l'industrie minière aurifère, Bobotie, Nelson Mandela, Blyde River Canyon et Table Mountain, Union Buildings. Afrique du sud
74%
Boomerang et l'industrie minière, Meat-Pie, John Curtin et Chris Hemsworth, Ayers Rock, Harbour Bridge. Australie
66%
Bijouterie ottomane et l'industrie automobile, Börek et Döner Kebab, Orhan Pamuk, Pamukkale, Palais de Topkapi. Turquie
66%
Puro et l'industrie de la canne à sucre, Moros y cristianos, Ernesto Che Guevara, Vallée de Viñales, Fort el Morro et El Capitolio. Cuba
62%
Masque Gouro et l'industrie du cacao, Alloco et l'Attiéké, Didier Drogba, Cascade de Man, Basilique Notre-Dame de la Paix. Côte d'Ivoire
61%
Broderie Al-Sadu et l'industrie pétrolière, Kebsa, Abdulaziz Al-Saud et Abdelaziz ibn Saoud, l'Oasis d'Al-Ahsa, La Kaaba. Arabie Saoudite
58%
Sculptures inuits (Sanannguagap) et l'industrie minière (Uranium principalement), Bannock, Drake, Parc national de Banff et le Yukon, Château Frontenac. Canada
56%
Tissage de ponchos en laine et l'industrie minière cuivrière, Pastel de Choclo, Pablo Nerudan, Torres del Paine et Rapa Nui, Moaïs de l'île de Pâques. Chili
50%
Coutellerie de Samekniv et l'industrie pétrolière, Gravlaks, Roald Amundsen et Edvard Munch, Île de Svalbard, Les Epées sur les rochers. Norvège
44%
Tissage de Songket et l'industrie manufacturière, Laksa et le Nasi Lemak, Abdul Rahman, Cameron Highlands, Batu Caves et les tours Petronas. Malaisie
27%
Vannerie Toga-Taonga et l'industrie nautique (bateaux de plaisance principalement), Seboseb, Haruo Remeliik, Îles Chelbacheb et Ngardmau Falls, Monolithes de pierre de Bradulchau. Palaos
3%
Aucun quiz correspondant
Distribution des résultats
% des personnes avec chaque résultat
Percentile par nombre de réponses
Votre historique - résultats
Vous n’avez pas pris ce quiz